Home Print Resources E-Books E-Journals IIMT Lecture Series Library Membership Form Book Recommendation Form Campus Tour Take AdmissionAbout Us Contact Us

COMPUTATIONAL FLUID DYNAMICS (Record no. 35881)

000 -LEADER
fixed length control field 00365nam a22001577a 4500
003 - CONTROL NUMBER IDENTIFIER
control field OSt
005 - DATE AND TIME OF LATEST TRANSACTION
control field 20240321115505.0
008 - FIXED-LENGTH DATA ELEMENTS--GENERAL INFORMATION
fixed length control field 170717b xxu||||| |||| 00| 0 eng d
020 ## - INTERNATIONAL STANDARD BOOK NUMBER
International Standard Book Number 978-0470843598
040 ## - CATALOGING SOURCE
Transcribing agency SEROSOFT
100 ## - MAIN ENTRY--PERSONAL NAME
Personal name PAUL D BATES
245 ## - TITLE STATEMENT
Title COMPUTATIONAL FLUID DYNAMICS
260 ## - PUBLICATION, DISTRIBUTION, ETC.
Place of publication, distribution, etc. INDIA
Name of publisher, distributor, etc. WILLY
Date of publication, distribution, etc. 2013
300 ## - PHYSICAL DESCRIPTION
Extent 531
942 ## - ADDED ENTRY ELEMENTS (KOHA)
Source of classification or shelving scheme
Koha item type General Book
Holdings
Withdrawn status Lost status Source of classification or shelving scheme Damaged status Not for loan Home library Current library Date acquired Source of acquisition Cost, normal purchase price Total Checkouts Barcode Date last seen Price effective from Koha item type Full call number
          IIMT University Central Library Meerut IIMT University Central Library Meerut 07/17/2017 KIRTI PRAKASHAN 0.00   01-B-121561 07/17/2017 07/17/2017 Book Bank  
          IIMT University Central Library Meerut IIMT University Central Library Meerut 07/17/2017 KIRTI PRAKASHAN 0.00   01-B-121562 07/17/2017 07/17/2017 Reference Book  
          IIMT University Central Library Meerut IIMT University Central Library Meerut 07/17/2017 KIRTI PRAKASHAN 0.00   01-B-121563 07/17/2017 07/17/2017 Reference Book R
          IIMT University Central Library Meerut IIMT University Central Library Meerut 07/17/2017 KIRTI PRAKASHAN 0.00   01-B-121564 07/17/2017 07/17/2017 Book Bank  
          IIMT University Central Library Meerut IIMT University Central Library Meerut 07/17/2017 KIRTI PRAKASHAN 0.00   01-B-121565 07/17/2017 07/17/2017 Reference Book R
IIMT, Central Library. All Rights Reserved IIMT,UNIVERSITY © 2023
Implemented and Customised by I CLOUDE EMS
You Are OPAC Visitor No
free web counter

Powered by Koha